000 00933nam a22002177a 4500
005 20240530110559.0
008 160904s2010 au a f 000 0 ara d
017 _a5689/2010
_bمصر . دار الكتب المصرية
020 _a9789772719642
040 _aEG-CaGPL
082 0 4 _221
_a745.58203\
_bن م
100 0 _aنجلاء خيرى
245 1 0 _aموسوعة اشغال الخرز :
_bاصنعى من الخرز العقد - الحلق - الخاتم -البرش -الغويشة -الميدالية -الانسيال - الطقم /
_cاعداد نجلاء خيرى .
250 _aط1 .
260 _aالقاهرة :
_bمكتبة ابن سينا للنشر والتوزيع .
_c2010 .
300 _a288 ص :
_bايض ؛
_c30 سم .
504 _aببليوجرافية : ص285 - 286
650 0 4 _aشغل الخرز
_vدوائر المعارف .
942 _2ddc
_cBK
999 _c62634
_d62634